000 00316nam a22001217a 4500
020 _a0-520-03524-0
082 _a355 SHI'D
100 _aSHIBUTANI, TAMOTSU
_948730
245 _aTHE DERELICTS OF COMPANY A SOCILOGICAL STUDY OF DEMORALIZATION
260 _aLONDON
_bCALIFORNIA
_c1978
300 _a455P
942 _cBK
999 _c580877
_d580877